000 01061cam a2200361 4500
001 ABS61927
008 000000n2000 000 0 eng u
035 _a(Sirsi) u104577
100 _aMazzarol, T.
245 4 _aThe world economy in 2000: the outlook for Australia
260 _c2000
490 _aAustralian Property Journal
_v36(1) February 2000 11-17(7)
520 _aExamines the outlook for the Australian economy during the year 2000 and the first decade of the new millennium. Discusses the implications for the property sector of Australia's changing demographic profile.
590 _aABS
600 _aCHINA
650 _aPROPERTY MARKET
650 _aSOCIAL TRENDS
650 _aECONOMIC TRENDS
650 _aAUSTRALIA
650 _aKOREA
650 _aTAIWAN
650 _aHONG KONG
650 _aMALAYSIA
650 _aSINGAPORE
650 _aTHAILAND
650 _aPHILIPPINES
650 _aVIETNAM
650 _aINDONESIA
650 _aASIA
650 _aASEAN
690 _aECONOMIC ISSUES
942 _n0
999 _c62760
_d62760